Disney personnages du monde de Mickey par image - Statistiques

Statistiques générales
  • Ce quiz a été pris 145 fois
  • Le résultat moyen est 8 sur 9
Statistiques - réponses
Par images Réponse % Correct
Mickey
100%
Pluto
100%
Daisy
98%
Donald
98%
Dingo
97%
Loulou
87%
Riri
87%
Clarabelle
52%
Figaro
52%
Aucun quiz correspondant
Distribution des résultats
% des personnes avec chaque résultat
Percentile par nombre de réponses
Votre historique - résultats
Vous n’avez pas pris ce quiz